<?xml version="1.0" encoding="UTF-8"?>
<record
    xmlns:xsi="http://www.w3.org/2001/XMLSchema-instance"
    xsi:schemaLocation="http://www.loc.gov/MARC21/slim http://www.loc.gov/standards/marcxml/schema/MARC21slim.xsd"
    xmlns="http://www.loc.gov/MARC21/slim">

  <leader>01072cam a2200301 a 4500</leader>
  <datafield tag="999" ind1=" " ind2=" ">
    <subfield code="c">112586</subfield>
    <subfield code="d">112586</subfield>
  </datafield>
  <controlfield tag="001">13485912</controlfield>
  <controlfield tag="005">20190521085348.0</controlfield>
  <controlfield tag="008">040210m20032007ne a     be   001 0 eng  </controlfield>
  <datafield tag="020" ind1=" " ind2=" ">
    <subfield code="a">9789004132474 (set : acidfree paper)</subfield>
  </datafield>
  <datafield tag="020" ind1=" " ind2=" ">
    <subfield code="a">9004132473 (set : acidfree paper)</subfield>
  </datafield>
  <datafield tag="020" ind1=" " ind2=" ">
    <subfield code="a">9004113800 (vol. 1 : acidfree paper)</subfield>
  </datafield>
  <datafield tag="020" ind1=" " ind2=" ">
    <subfield code="a">9004128182 (vol. 2 : acidfree paper)</subfield>
  </datafield>
  <datafield tag="020" ind1=" " ind2=" ">
    <subfield code="a">9004128190 (vol. 3 : acidfree paper)</subfield>
  </datafield>
  <datafield tag="020" ind1=" " ind2=" ">
    <subfield code="a">9789004128200 (vol. 4 : acidfree paper)</subfield>
  </datafield>
  <datafield tag="020" ind1=" " ind2=" ">
    <subfield code="a">9004128204 (vol. 4 : acidfree paper)</subfield>
  </datafield>
  <datafield tag="020" ind1=" " ind2=" ">
    <subfield code="a">9789004132467 (vol. 6 : acidfree paper)</subfield>
  </datafield>
  <datafield tag="040" ind1=" " ind2=" ">
    <subfield code="c">PK-LaUMT</subfield>
  </datafield>
  <datafield tag="082" ind1="0" ind2="0">
    <subfield code="a">R 297.08203</subfield>
    <subfield code="2">22</subfield>
    <subfield code="b">ENC-</subfield>
  </datafield>
  <datafield tag="245" ind1="0" ind2="0">
    <subfield code="a">Encyclopedia of women &amp; Islamic cultures /</subfield>
    <subfield code="c">general editor, Suad Joseph ; associate editors, Afsaneh Najmabadi ... [et al.]</subfield>
  </datafield>
  <datafield tag="260" ind1=" " ind2=" ">
    <subfield code="a">Leiden ;</subfield>
    <subfield code="a">Boston, Mass. :</subfield>
    <subfield code="b">Brill,</subfield>
    <subfield code="c">2003</subfield>
  </datafield>
  <datafield tag="300" ind1=" " ind2=" ">
    <subfield code="a">6 v. :</subfield>
    <subfield code="b">ill. ;</subfield>
    <subfield code="c">28 cm.</subfield>
  </datafield>
  <datafield tag="650" ind1=" " ind2="0">
    <subfield code="a">Women</subfield>
    <subfield code="z">Islamic countries</subfield>
  </datafield>
  <datafield tag="650" ind1=" " ind2="0">
    <subfield code="a">Muslim women</subfield>
  </datafield>
  <datafield tag="650" ind1=" " ind2="0">
    <subfield code="a">Women in Islam</subfield>
  </datafield>
  <datafield tag="700" ind1="1" ind2=" ">
    <subfield code="a">Joseph, Suad.</subfield>
  </datafield>
  <datafield tag="700" ind1="1" ind2=" ">
    <subfield code="a">Najmabadi, Afsaneh,</subfield>
  </datafield>
  <datafield tag="942" ind1=" " ind2=" ">
    <subfield code="c">REF</subfield>
  </datafield>
  <datafield tag="952" ind1=" " ind2=" ">
    <subfield code="0">0</subfield>
    <subfield code="1">0</subfield>
    <subfield code="4">0</subfield>
    <subfield code="7">0</subfield>
    <subfield code="a">01</subfield>
    <subfield code="b">01</subfield>
    <subfield code="d">2019-05-21</subfield>
    <subfield code="l">0</subfield>
    <subfield code="o">R 297.08203 ENC-</subfield>
    <subfield code="p">130131</subfield>
    <subfield code="r">2019-05-21 00:00:00</subfield>
    <subfield code="t">Vol.1</subfield>
    <subfield code="w">2019-05-21</subfield>
    <subfield code="y">REF</subfield>
  </datafield>
  <datafield tag="952" ind1=" " ind2=" ">
    <subfield code="0">0</subfield>
    <subfield code="1">0</subfield>
    <subfield code="4">0</subfield>
    <subfield code="7">0</subfield>
    <subfield code="a">01</subfield>
    <subfield code="b">01</subfield>
    <subfield code="d">2019-05-21</subfield>
    <subfield code="l">0</subfield>
    <subfield code="o">R 297.08203 ENC-</subfield>
    <subfield code="p">130132</subfield>
    <subfield code="r">2019-05-21 00:00:00</subfield>
    <subfield code="t">Vol.2</subfield>
    <subfield code="w">2019-05-21</subfield>
    <subfield code="y">REF</subfield>
  </datafield>
  <datafield tag="952" ind1=" " ind2=" ">
    <subfield code="0">0</subfield>
    <subfield code="1">0</subfield>
    <subfield code="4">0</subfield>
    <subfield code="7">0</subfield>
    <subfield code="a">01</subfield>
    <subfield code="b">01</subfield>
    <subfield code="d">2019-05-21</subfield>
    <subfield code="l">0</subfield>
    <subfield code="o">R 297.08203 ENC-</subfield>
    <subfield code="p">130133</subfield>
    <subfield code="r">2019-05-21 00:00:00</subfield>
    <subfield code="t">Vol.3</subfield>
    <subfield code="w">2019-05-21</subfield>
    <subfield code="y">REF</subfield>
  </datafield>
  <datafield tag="952" ind1=" " ind2=" ">
    <subfield code="0">0</subfield>
    <subfield code="1">0</subfield>
    <subfield code="4">0</subfield>
    <subfield code="7">0</subfield>
    <subfield code="a">01</subfield>
    <subfield code="b">01</subfield>
    <subfield code="d">2019-05-21</subfield>
    <subfield code="l">0</subfield>
    <subfield code="o">R 297.08203 ENC-</subfield>
    <subfield code="p">130134</subfield>
    <subfield code="r">2019-05-21 00:00:00</subfield>
    <subfield code="t">Vol.4</subfield>
    <subfield code="w">2019-05-21</subfield>
    <subfield code="y">REF</subfield>
  </datafield>
  <datafield tag="952" ind1=" " ind2=" ">
    <subfield code="0">0</subfield>
    <subfield code="1">0</subfield>
    <subfield code="4">0</subfield>
    <subfield code="7">0</subfield>
    <subfield code="a">01</subfield>
    <subfield code="b">01</subfield>
    <subfield code="d">2019-05-21</subfield>
    <subfield code="l">0</subfield>
    <subfield code="o">R 297.08203 ENC-</subfield>
    <subfield code="p">130135</subfield>
    <subfield code="r">2019-05-21 00:00:00</subfield>
    <subfield code="t">Vol.5</subfield>
    <subfield code="w">2019-05-21</subfield>
    <subfield code="y">REF</subfield>
  </datafield>
  <datafield tag="952" ind1=" " ind2=" ">
    <subfield code="0">0</subfield>
    <subfield code="1">0</subfield>
    <subfield code="4">0</subfield>
    <subfield code="7">0</subfield>
    <subfield code="a">01</subfield>
    <subfield code="b">01</subfield>
    <subfield code="d">2019-05-21</subfield>
    <subfield code="l">0</subfield>
    <subfield code="o">R 297.08203 ENC-</subfield>
    <subfield code="p">130136</subfield>
    <subfield code="r">2019-05-21 00:00:00</subfield>
    <subfield code="t">Vol.6</subfield>
    <subfield code="w">2019-05-21</subfield>
    <subfield code="y">REF</subfield>
  </datafield>
</record>
